000 006890000a22002410004500
999 _c49044
_d49044
001 1891
003 CO-MdFUSB
005 20180208153338.0
008 170926b xxu||||| |||| 00| 0 eng d
020 _a978-958-30-2458-0
040 _cCO-MdBIC
082 0 4 _a868HC W831e
100 1 _aCasalis, Anna
110 1 _aEditorial Panamericana
245 1 0 _aLos Egipcios / Anna Casalis. Ilustraciones: Tony Wolf
250 _a21 ed.
260 _aBogotá: Panamericana Editorial
300 _a12 pág.; 29 cm
500 _aLibro didáctico con ventanillas
505 0 0 _aLibro didáctico sobre la historia de Egipto
650 1 4 _aEgipto -Historia - Literatura Juvenil
942 _cLGB